Vogel's textbook of practical organic chemistry (Record no. 1214000)

MARC details
000 -LEADER
fixed length control field 01254nam a2200337Ia 4500
003 - CONTROL NUMBER IDENTIFIER
control field OSt
005 - DATE AND TIME OF LATEST TRANSACTION
control field 20221007124731.0
008 - FIXED-LENGTH DATA ELEMENTS--GENERAL INFORMATION
fixed length control field 221006b |||||||| |||| 00| 0 eng d
020 ## - INTERNATIONAL STANDARD BOOK NUMBER
International Standard Book Number 9788177589573 (pbk)
037 ## - SOURCE OF ACQUISITION
Terms of availability Textual
040 ## - CATALOGING SOURCE
Original cataloging agency CDL
Transcribing agency CDL
Language of cataloging eng
041 ## - LANGUAGE CODE
Source of code eng
Language code of text/sound track or separate title eng
100 ## - MAIN ENTRY--PERSONAL NAME
Personal name Furniss Brian S
9 (RLIN) 720233
245 #0 - TITLE STATEMENT
Title Vogel's textbook of practical organic chemistry
Remainder of title Hannaford Antony J Smith Peter W G Tatchell Austin R
250 ## - EDITION STATEMENT
Edition statement 5
260 ## - PUBLICATION, DISTRIBUTION, ETC.
Place of publication, distribution, etc. New
Name of publisher, distributor, etc. Delhi Pearson
Date of publication, distribution, etc. 1989
300 ## - PHYSICAL DESCRIPTION
Extent xxviii, 1514p. ill.
Dimensions cm.
500 ## - GENERAL NOTE
General note Appendices 1401-1453p.; Index 1455-1510p.; Reference data 1511-1512p.; Reprint 2015.
650 ## - SUBJECT ADDED ENTRY--TOPICAL TERM
Topical term or geographic name entry element Aliphatic compounds
9 (RLIN) 720234
650 ## - SUBJECT ADDED ENTRY--TOPICAL TERM
Topical term or geographic name entry element Aromatic compounds
9 (RLIN) 720235
650 ## - SUBJECT ADDED ENTRY--TOPICAL TERM
Topical term or geographic name entry element Experimental techniques
9 (RLIN) 717477
700 ## - ADDED ENTRY--PERSONAL NAME
Personal name Hannaford Antony J
9 (RLIN) 720236
700 ## - ADDED ENTRY--PERSONAL NAME
Personal name Smith Peter W G
9 (RLIN) 720237
700 ## - ADDED ENTRY--PERSONAL NAME
Personal name Tatchell Austin R
9 (RLIN) 720238
942 ## - ADDED ENTRY ELEMENTS (KOHA)
Classification part E5:f3, M9-;1 Carc
Koha item type Textual
Source of classification or shelving scheme Colon Classification (CC)
Holdings
Withdrawn status Lost status Source of classification or shelving scheme Damaged status Not for loan Home library Current library Date acquired Source of acquisition Total Checkouts Full call number Barcode Date last seen Price effective from Koha item type
    Colon Classification (CC)     Department of Chemistry Library Department of Chemistry Library 2022-10-07 898, 12/10/2015, Dhanraj Book House   E5:f3 M9-;1 Carc CD0008959 2022-10-07 2022-10-07 Textual
Copyright @ Delhi University Library System